000 00749nam0a22002771 4500
001 RU\NLR\INFOCOMM5\ROSSICA\1000298094
005 20250613193912.0
035 _a(NLR Aleph) 009982597
090 _a9701891
_c9701891
100 _a20030620d1819 |||y0rusy50 ca
101 0 _ager
102 _aRU
105 _ay ||||000ay
200 1 _aNeue theoretisch-praktische russische Sprachlehre für Deutsche
_fAug. Wilh. Tappe
205 _a5-te Aufl.
210 _aSt.Petersburg
_d1819
215 _d
700 1 _aTappe
_bA.W.
_f1778-1830
_gAugust Wilhelm
_4070
801 1 _aRU
_bInfoComm
_c20030620
801 0 _aRU
_bNLR
_gPSBO
852 _aNLR
_j13.2.6.38
942 _cBOOK
980 _aNB
980 _aRossica